|
|
|
|
| LEADER |
01020nam a22003012a 4500 |
| 001 |
000892784 |
| 003 |
CZ BrMZK |
| 005 |
20160615153636.0 |
| 007 |
ta |
| 008 |
080411s1987 xr er|||||||||||slo d |
| 015 |
|
|
|a cnb000030734
|
| 035 |
|
|
|a (OCoLC)39415852
|
| 040 |
|
|
|a ABA001
|b cze
|d ABA001
|
| 041 |
1 |
|
|a slo
|h cze
|
| 080 |
9 |
|
|a 656.1/.7.02
|
| 080 |
9 |
|
|a 911.3
|
| 100 |
1 |
|
|a Skrbek, Kamil,
|d 1913-
|7 jk01111609
|4 aut
|
| 245 |
1 |
0 |
|a Dopravný zemepis :
|b učebnica pre 1. roč. štud. odboru doprava a preprava /
|c Kamil Skrbek ; [z češ. do slov. přel.] Jaroslav Jamriška
|
| 250 |
|
|
|a [2. vyd.]
|
| 260 |
|
|
|a Praha :
|b Nadas,
|c 1987
|
| 300 |
|
|
|a 178 s. ;
|c 20 cm +
|e mp., 3 s. ; 27x41 cm + barev. mp. ; 34x63 cm
|
| 500 |
|
|
|a Rozmn.
|
| 655 |
|
7 |
|a učebnice středních škol
|7 fd133771
|2 czenas
|
| 700 |
1 |
|
|a Jamriška, Jaroslav
|4 trl
|
| 910 |
|
|
|a BOA001
|b TK-0232.452
|b M2-0919.276
|
| 990 |
|
|
|a BK
|
| 991 |
|
|
|b 200804
|
| 996 |
6 |
|
|b 2619146432
|c M2-0919.276
|l MZK
|r Sklad / do 24 hodin
|n 0
|w 000892784
|u 000020
|a 1
|e BOA001
|j MZK50
|s P
|